|
|
|
|
| LEADER |
00000naa a2200000uu 4500 |
| 001 |
vtls011085798 |
| 003 |
SK-MaSNL |
| 005 |
20260302105248.0 |
| 008 |
210905|2011 xo |||||||||||||||||eng| |
| 015 |
|
|
|a SNBRA
|
| 035 |
|
|
|a (urnnbn)urn:nbn:sk:snk:ar-a0cmal
|
| 035 |
|
|
|a (uuid)82d0aac3-64d6-47ca-9b5f-39d5fbab1a88
|
| 035 |
|
|
|a urn:nbn:sk:snk-aavs63
|
| 040 |
|
|
|a SNKBUCL
|b slo
|c SNKBUCL
|e AACR2
|
| 041 |
0 |
|
|a eng
|
| 044 |
|
|
|a xo
|c SK
|
| 100 |
1 |
|
|a Vladimir I. Nagay
|4 aut
|9 783687
|
| 245 |
1 |
0 |
|a Appraisal Possibility of the Developing Faults Recognition
|c Vladimir I. Nagay, Aleksandr Ukraincev, Gennadiy Chmihalov, Sergey Sarry, Vladimir V. Nagay
|
| 700 |
1 |
|
|a Ukraincev, Aleksandr
|4 aut
|9 783688
|
| 700 |
1 |
|
|a Chmihalov, Gennadiy
|4 aut
|9 783689
|
| 700 |
1 |
|
|a Sarry, Sergey
|4 aut
|9 782264
|
| 700 |
1 |
|
|a Vladimir V. Nagay
|4 aut
|9 783690
|
| 773 |
0 |
|
|t Elektroenergetika 2011
|d Košice : Technical University, 2011
|g S. 242-245
|z 9788055307244
|
| 958 |
|
|
|a OND
|
| 958 |
|
|
|a article12
|
| 958 |
|
|
|a chapter
|
| 999 |
|
|
|c 1237983
|d 1239913
|